000 00370 a2200157 4500
001 193184
020 _a978-85-363-0703-9
040 _cMagnum
100 _aSmole, Katia Stocco
240 1 0 _aJogos de matemática de 1º a 5º ano
_lpor
245 1 0 _aJogos de matemática de 1º a 5º ano
300 _a152
362 0 _a2007
697 _aMATEMÁTICA
942 _cBK
999 _c193184
_d193184